NFL Players Sharing A Name II Quiz Stats

 Plays Quiz not verified by Sporcle

Score 0/16 Timer 05:00
0 Plays Today
Player 1 Shared Name % Correct
Chris ______ (Seahawks)Carson
93.7%
Amari ______ (Cowboys)Cooper
91.5%
Jalen ______ (Raiders)Richard
89.5%
Budda ______ (Cardinals)Baker
88.1%
Derwin ______ (Chargers)James
86.5%
Andy ______ (Bengals)Dalton
85.1%
Jimmy ______ (Packers)Graham
84%
Tim ______ (Broncos)Patrick
82.9%
Player 1 Shared Name % Correct
Myles ______ (Browns)Garrett
77%
Derrick ______ (Titans)Henry
75.8%
Jawaan ______ (Jaguars)Taylor
73.2%
Danielle ______ (Vikings)Hunter
72.4%
Demarcus ______ (Cowboys)Lawrence
72.4%
Kwon ______ (49'ers)Alexander
70.3%
Darius ______ (Colts)Leonard
68.3%
Damon ______ (Lions)Harrison
66.9%

You're not logged in!

Compare scores with friends on all Sporcle quizzes.
OR
Log In

Show Comments

Extras

Top Quizzes Today


Score Distribution

Your Account Isn't Verified!

In order to create a playlist on Sporcle, you need to verify the email address you used during registration. Go to your Sporcle Settings to finish the process.

Report this User

Report this user for behavior that violates our Community Guidelines.

Details: